North American Sports Champions 1970's - Statistics

General Stats
  • This quiz has been taken 251 times
  • The average score is 18 of 21
Answer Stats
Team % Correct
Boston Celtics
98%
Los Angeles Lakers
98%
New York Yankees
98%
Pittsburgh Steelers
96%
Cincinnati Reds
95%
Dallas Cowboys
93%
Montreal Canadiens
93%
Miami Dolphins
87%
New York Knicks
86%
Oakland Raiders
85%
Baltimore Colts
84%
Oakland Athletics
83%
Boston Bruins
82%
Pittsburgh Pirates
80%
Seattle SuperSonics
75%
Milwaukee Bucks
74%
Portland Trail Blazers
74%
Washington Bullets
73%
Baltimore Orioles
72%
Golden State Warriors
72%
Philadelphia Flyers
72%
No matching quizzes found
Score Distribution
Percent of People with Each Score
Percentile by Number Answered
Your Score History
You have not taken this quiz